Themed Daily Trivia Quiz #2 - Statistics

General Stats
  • This quiz has been taken 40 times
  • The average score is 5 of 10
Answer Stats
Question Answer % Correct
Which musician played the piano? Elton John
80%
Which of the following restaurants serves Italian cuisine? Olive Garden
80%
Which of these people did NOT live in Vienna? Anne Frank
73%
Allentown is a city in what state? Pennsylvania
53%
Which US state has the most people "movin' out?" California
47%
Billy Joel was married to which super model? Christine Brinkley
40%
The song "The Entertainer," by Scott Joplin, is from what movie? The Sting
40%
What animal is blamed for starting the Great Chicago Fire of 1871? Cow
37%
Who starred in the movie Uptown Girls? Brittany Murphy
27%
The book "The Stranger" is set in which country? Algeria
13%
No matching quizzes found
Score Distribution
Percent of People with Each Score
Percentile by Number Answered
Your Score History
You have not taken this quiz